000 00623nam a2200181Ia 4500
008 090124s9999 xx 000 0 und d
082 _b26269
_a6870
100 _aकुलकर्णी जी.ए.(गुरुनाथ आबाजी )
245 _a आकाशफुले
250 _a1
260 _c1990
300 _a163
600 _aकुलकर्णी जी.ए.(गुरुनाथ आबाजी )
630 _a आकाशफुले
700 _aकुलकर्णी जी.ए.(गुरुनाथ आबाजी )
730 _a आकाशफुले
942 _cBOOK
999 _c139746
_d139746